000 01963nam a22002417a 4500
999 _c1614
_d1614
003 AR-BaISA
005 20240430112407.0
007 ta
008 160902s2016 sp ado| |||| 000 0 spa
020 _a9788416270934
040 _bspa
_cAR-BaISA
082 0 4 _222
_a616.342 Ar69
245 0 0 _aEnfermedad celíaca :
_bintroducción al conocimiento actual de la enfermedad celíaca /
_ceditores Eduardo Arranz, José Antonio Garrote
250 _a3ª ed
260 _aMadrid:
_bErgon,
_c2016
300 _a312 p.
_bil., gráfs., fotos
504 _aBibliografía al final de cada capítulo.
505 _tINTRODUCCIÓN:
_tEvolución histórica de los conocimientos sobre enfermedad celíaca --
_tEpidemiología de la enfermedad celíaca
_tMANIFESTACIONES CLÍNICAS DE LA ENFERMEDAD CELÍACA:
_tClínica de la enfermedad celíaca en niños --
_tPresentación clínica en el adulto. Enfermedades asociadas. Enfermedad celíaca refractaria --
_tSensibilidad al gluten no celíaca --
_tEnfermedad celíaca y morbilidad --
_tEnfermedad celíaca y aspectos ginecológicos --
_tManifestaciones orales de la enfermedad celíaca
_tDIAGNÓSTICO DE LA ENFERMEDAD CELÍACA:
_tDiagnóstico histopatológico de la enfermedad celíaca --
_tPruebas de laboratorio. Pruebas serológicas. Marcadores genéticos de riesgo --
_tAnálisis de los linfocitos intraepiteliales por citometría de flujo en la enfermedad celíaca --
_tEndoscopía y otros procedimientos diagnósticos
_tPATOGENIA DE LA ENFERMEDAD CELÍACA:
_tProteínas tóxicas de los cereales --
_tGenética de la enfermedad celíaca --
_tInmunopatogenia de la enfermedad celíaca
_tTRATAMIENTO Y PREVENCIÓN DE LA ENFERMEDAD CELÍACA:
_tLa dieta sin gluten --
_tMétodos de detección de gluten --
_tNuevas estrategias terapéuticas en el desarrollo para la enfermedad celíaca
650 1 0 _aEnfermedad celíaca
_9477
700 1 _aArranz, Eduardo
_4ed.
_93370
700 1 _aGarrote, José Antonio
_4ed.
_93371
942 _2ddc
_cLI
_e22